Una temporada en el infierno / (Record no. 127689)

MARC details
000 -LEADER
campo de control de longitud fija 00763nam a2200217 i 4500
001 - NÚMERO DE CONTROL
campo de control 127689
003 - IDENTIFICADOR DE NÚMERO DE CONTROL
campo de control ES-MaACL
005 - FECHA Y HORA DE LA ÚLTIMA TRANSACCIÓN
campo de control 20250911062838.0
007 - CAMPO FIJO DE DESCRIPCIÓN FÍSICA--INFORMACIÓN GENERAL
campo de control de longitud fija t|
008 - DATOS DE LONGITUD FIJA--INFORMACIÓN GENERAL
campo de control de longitud fija 070214s1969 sp r ||||1| spa d
100 1# - ENTRADA PRINCIPAL--NOMBRE DE PERSONA
Nombre de persona Rimbaud, Arthur,
Fechas asociadas al nombre 1854-1891
9 (RLIN) 97237
245 14 - MENCIÓN DEL TÍTULO
Título Una temporada en el infierno /
Mención de responsabilidad, etc. Rimbaud ; introducción y traducción de Gabriel Celaya ; prólogo de Jacques Riviere.
260 ## - PUBLICACIÓN, DISTRIBUCIÓN, ETC.
Lugar de publicación, distribución, etc. Madrid :
Nombre del editor, distribuidor, etc. Alberto Corazón,
Fecha de publicación, distribución, etc. 1969.
300 ## - DESCRIPCIÓN FÍSICA
Extensión 93 p., 1 lám. :
Otras características físicas `retr. aut.` ;
Dimensiones 20 cm.
490 1# - MENCIÓN DE SERIE
Mención de serie Colección Visor de poesía ;
Designación de volumen o secuencia 1
700 1# - ENTRADA AGREGADA--NOMBRE PERSONAL
Nombre de persona Celaya, Gabriel,
Fechas asociadas al nombre 1911-1991
9 (RLIN) 37346
700 1# - ENTRADA AGREGADA--NOMBRE PERSONAL
Nombre de persona Riviere, Jacques.
9 (RLIN) 97738
830 0# - PUNTO DE ACCESO ADICIONAL DE SERIE-TÍTULO UNIFORME
Título uniforme Colección Visor de poesía
Designación de volumen o secuencia 1
9 (RLIN) 177331
852 ## - LOCALIZACIÓN
Ubicación ES-MaACL
Número de control de estantería C-33799
Sublocalización o colección R.72198
Holdings
Estatus retirado Estado de pérdida Estado de daño No para préstamo Biblioteca de origen Biblioteca actual Ubicación en estantería Fecha de adquisición Fuente de adquisición Total de préstamos Signatura topográfica completa Código de barras Visto por última vez Precio de reemplazo Tipo de ítem Koha
        Biblioteca del Ateneo de Madrid Biblioteca del Ateneo de Madrid Depósito 2 17/01/2008     C-33799 1132996 23/02/2023 23/02/2023 Libro impreso